00299nam a2200109Ia 4500008004100000020001800041082001700059100001300076245005700089260003200146300001100178210430s9999 xx 000 0 und d a81-239-0948-9 a540.3 S272 H aN.Irving aHawleys Condensed Chemical Dictionary 11thcN.Irving aIndiabCBS Publishersc1990 a1287 p